Statistics for English words of Japanese Origin #1

Click here to take the quiz!

General Stats

  • This quiz has been taken 88 times
    (71 since last reset)
  • The average score is 6 of 9

Answer Stats

DefinitionAnswer% Correct
A traditional full-length robe-like garment still worn by women, men and childrenkimono
90%
Hand-drawn and computer animationanime
89%
A single-portion takeout meal, box lunchbento
81%
The art of tending miniature trees.bonsai
81%
A very short poem consisting of three lines of 5, 7, and 5 moraehaiku
76%
A type of edible seaweednori
60%
Bean curdtofu
37%
Thick paste made by fermenting soybeans with saltmiso
32%
Sandals made from rice straw or lacquered wood, worn with a kimono for formal occasionszori
13%

Score Distribution

Percentile by Number Answered

Percent of People with Each Score

Your Score History

You have not taken this quiz since the last reset